China's Economy and the Maoist Strategy
সংরক্ষণ করুন:
| প্রধান লেখক: | |
|---|---|
| বিন্যাস: | গ্রন্থ |
| ভাষা: | Undetermined |
| প্রকাশিত: |
New York
Monthly Review Press
1976
|
| ট্যাগগুলো: |
ট্যাগ যুক্ত করুন
কোনো ট্যাগ নেই, প্রথমজন হিসাবে ট্যাগ করুন!
|
| Thư viện lưu trữ: | Trung tâm Học liệu Trường Đại học Cần Thơ |
|---|
| LEADER | 00482nam a2200181Ia 4500 | ||
|---|---|---|---|
| 001 | CTU_92081 | ||
| 008 | 210402s9999 xx 000 0 und d | ||
| 020 | |c 24.8 | ||
| 082 | |a 330.9 | ||
| 082 | |b G978 | ||
| 100 | |a Gurley, John G. | ||
| 245 | 0 | |a China's Economy and the Maoist Strategy | |
| 245 | 0 | |c John G. Gurley | |
| 260 | |a New York | ||
| 260 | |b Monthly Review Press | ||
| 260 | |c 1976 | ||
| 904 | |i Hiếu, H.Mai | ||
| 980 | |a Trung tâm Học liệu Trường Đại học Cần Thơ | ||